| 000 | 02184nam a2200385 i 4500 | ||
|---|---|---|---|
| 001 | BK0026319142 | ||
| 005 | 20260108172053.0 | ||
| 008 | 200904s2020 onca j 6 000 0 eng d | ||
| 010 | _abl2020033781 | ||
| 020 |
_a9780735262515 : HRD _c12.99 |
||
| 020 |
_a0735262519 : HRD _c12.99 |
||
| 037 |
_bMcClelland & Stewart Ltd, C/O Penguin Random House Order Dept 404 Hahn rd, Westminster, MD, USA, 21157 _nSAN 201-3975 |
||
| 040 |
_aNjBwBT _beng _cNjBwBT _erda |
||
| 050 | 1 | 4 |
_aPZ7.7.C56 _bHap 2020 |
| 082 | 0 | 4 |
_a741.5/973 _223 |
| 092 | _a741.5973 | ||
| 100 | 1 |
_aClanton, Ben, _d1988- _eauthor, _eartist. _95791651 |
|
| 245 | 1 | 0 |
_aHappy narwhalidays / _bHappy Narwhalidays _cBen Clanton. |
| 264 | 1 |
_a[Toronto, Ontario] : _bTundra Books, _c[2020] |
|
| 300 |
_a68 pages : _bcolor illustrations ; _c22 cm. |
||
| 336 | _atext | ||
| 336 | _astill image | ||
| 337 | _aunmediated | ||
| 338 | _avolume | ||
| 490 | 1 |
_aNarwhal and Jelly ; _v5 |
|
| 500 | _aChiefly illustrations. | ||
| 520 | _a"Dive into three new stories about Narwhal's favorite time of the year! It's the festive season in the world wide waters, and Narwhal is looking forward to cozying up with a good book, singing and partying with his pod pals and enjoying some warm waffle pudding. But most of all he's excited about the arrival of the Merry Mermicorn! According to Narwhal, she's part mermaid, part unicorn and completely mer-aculous! Jelly is of course skeptical about the existence of the "Mira-Miny-What-A Corn" . . . even when he receives a mysterious present. It must be from Narwhal. Now Jelly has to get the perfect gift, but finding a present for someone as unique as Narwhal is no easy feat, even when you have six tentacles. How will Jelly ever come up with a whaley greatgift for a best pal who spreads cheer all through the year?"-- | ||
| 650 | 1 |
_aNarwhal _vFiction. _95722094 |
|
| 650 | 1 |
_aJellyfishes _vFiction. _95689960 |
|
| 650 | 1 |
_aMarine animals _vFiction. _95679221 |
|
| 650 | 1 |
_aGraphic novels. _96394420 |
|
| 655 | 0 |
_aGraphic novels. _96394419 |
|
| 800 | 1 |
_aClanton, Ben, _d1988- _tNarwhal and Jelly book ; _v5. _96364619 |
|
| 942 |
_2ddc _cBOOK |
||
| 999 |
_c356977 _d356977 |
||